000 00716nam a22002177a 4500
003 UA-OsUOA
001 37761
007 ta
008 20070515b un ||||| |||| 00| 0 ukr d
090 _a94(477).152
_bБ87
942 _cBK
040 _aUA-OsUOA
_bukr
_cUA-OsUOA
_dUA-OsUOA
245 _aБритійська Колумбія і українці
_bЗ нагоди 30-річчя існування 20 відділу Товариства Взаїмної Помочі у Ванкувері 1927-1957
300 _a200 с.
955 _a1
041 _aukr
080 _a94(477).152
260 _aВінніпег
_c1957
650 7 _a9 Географія. Біографії. Історія
_2UDC
999 _c436289
_d436289